000 00416nam a2200169 a 4500
001 18780
005 20180713212129.0
008 140415s1960 000 0 spa d
041 _aspa
082 _a512.923
_bKAR
100 1 _aKARLSON, PAUL
245 1 3 _aLA MAGIA DE LOS NUMEROS
260 _a[s.l.] :
_bLABOR,
_c1960
300 _a744
650 1 4 _aNUMEROS
700 1 _aFUENTES, JOSE R.
_etr.
999 _c18780
_d18780